| 000 | 00744nam a2200241Ia 4500 | ||
|---|---|---|---|
| 003 | OSt | ||
| 005 | 20220927105039.0 | ||
| 006 | a|||||r|||| 00| 0 | ||
| 007 | ta | ||
| 008 | 220926b |||||||| |||| 00| 0 eng d | ||
| 024 | _a186755 | ||
| 037 | _cReference Collections | ||
| 040 |
_aRTL _cRTL _beng |
||
| 041 |
_2eng _aeng |
||
| 082 | _a"X9(J).2.N74<N73r, L4/GD" | ||
| 110 |
_aHARYANA AGRO-INDUSTRIES CORPORATION LTD _9369887 |
||
| 245 | 0 | _a7th annual report & accounts 1973-74. | |
| 260 |
_aChandigarh _bHAIC _c1974 |
||
| 300 |
_a44p. _ccm. |
||
| 700 |
_aHARYANA AGRO-INDUSTRIES CORPORATION LTD _9369888 |
||
| 942 |
_h"X9(J).2.N74<N73r, L4/GD" _cCC |
||
| 999 |
_c690474 _d690474 |
||